000 00429nam a2200181Ia 4500
001 10406
005 20260306161830.0
008 260306t2005||||xx |||||||||||||| ||spa||
041 _aESP
082 _a923.242
_bS79
100 _aStephens, Philip
_eAUT
245 0 _aTony Blair:
_bla forja de un líder
260 _c2005
300 _a319 páginas :
_c21cm.
650 _aGEN
654 _aCHU
942 _cLIB
_dJUS
_fJUS
_2ddc
_n
999 _c10406
_d10406